书目信息 |
| 题名: |
环境岩土工程
|
|
| 作者: | 周健 , 刘文白 , 贾敏才 编著 | |
| 分册: | ||
| 出版信息: | 北京 人民交通出版社 2004.9 |
|
| 页数: | 422页 | |
| 开本: | 23cm | |
| 丛书名: | ||
| 单 册: | ||
| 中图分类: | TU4 | |
| 科图分类: | ||
| 主题词: | 环境工程: 岩土工程 , 环境工程 , 岩土工程 | |
| 电子资源: | ||
| ISBN: | 7-114-05139-5 | |
| 000 | 00810nam0 2200277 45 | |
| 001 | 012004000000 | |
| 005 | 20050104102750.64 | |
| 010 | @a7-114-05139-5@dCNY 36.00 | |
| 100 | @a20041220d2004 em y0chiy0121 ea | |
| 101 | 0 | @achi |
| 102 | @aCN@b110000 | |
| 105 | @aak z 000yy | |
| 200 | 1 | @a环境岩土工程@Ahuang jing yan tu gong cheng@f周健, 刘文白, 贾敏才编著 |
| 210 | @a北京@c人民交通出版社@d2004.9 | |
| 215 | @a422页@c图, 表格@d23cm | |
| 312 | @a封面并列题名: Geoenvironmental engineering | |
| 320 | @a书末附参考文献 | |
| 606 | 0 | @a环境工程: 岩土工程 |
| 606 | 0 | @a环境工程 |
| 606 | 0 | @a岩土工程 |
| 690 | @aTU4@v4 | |
| 701 | 0 | @a周健@Azhou jian@4编著 |
| 701 | 0 | @a刘文白@Aliu wen bai@4编著 |
| 701 | 0 | @a贾敏才@Ajia min cai@4编著 |
| 801 | 0 | @aCN@bQSSKxf@c20050104 |
| 905 | @a10447@dTU4@eZ775 | |
| 环境岩土工程/周健, 刘文白, 贾敏才编著.-北京:人民交通出版社,2004.9 |
| 422页:图, 表格;23cm |
| ISBN 7-114-05139-5:CNY 36.00 |
| ● |
| 相关链接 |
|
|
|
正题名:环境岩土工程
索取号:TU4/Z775
 
预约/预借
| 序号 | 登录号 | 条形码 | 馆藏地/架位号 | 状态 | 备注 |
| 1 | 434008 | 204340089 | 建筑库101/101建筑库 93排3列2层/ [索取号:TU4/Z775] | 在馆 | |
| 2 | 434009 | 204340098 | 建筑库101/101建筑库 93排3列2层/ [索取号:TU4/Z775] | 在馆 | |
| 3 | 434010 | 204340105 | 建筑库101/101建筑库 93排3列2层/ [索取号:TU4/Z775] | 在馆 |